000 00480nam a2200181Ia 4500
001 626
005 20260306140531.0
008 260306t2020||||xx |||||||||||||| ||spa||
041 _aESP
082 _a128
_bS77
100 _aSpringhart, Heike
_eAUT
245 0 _aEl hombre vulnerable :
_bmorir, muerte y finitud en el horizonte de una antropologĂ­a realista
260 _c2020
300 _a318 páginas :
_c21 cm.
650 _aGEN
654 _aCHU
942 _cLIB
_dJUS
_fJUS
_2ddc
_n
999 _c626
_d626